Представление документа в формате RUSMARC

ПолеНазваниеЗначение
  Тип записи a
  Библиографический уровень a
001 Контрольный номер RU/CBS_Ul/BASE/450282393
005 Дата корректировки 20250124010519.5
100 Данные общей обработки __
a Данные общей обработки 20140408d2014 ||| 0rusy0189 ca
101 Язык документа 0_
a Язык текста rus
102 Страна публикации __
a Страна публикации RU
105 Кодированные данные (монография) __
a Кодированные данные (монография) y###||||000|y
200 Заглавие и сведения об ответственности 1_
a Заглавие Прикосновение к подлиннику
b Общее обозначение материала Текст
e Сведения, относящиеся к заглавию [завершена реставрация Дома-музея Михаила Юрьевича Лермонтова на Малой Молчановке, в котором поэт жил во время учёбы в Московском университетском благородном пансионе и в императорском Московском университете с 1829 по 1832 гг.]
f Первые сведения об ответственности Елена Рябоконь
225 Серия __
a Серия Год Лермонтова
300 Общие примечания __
a Общие примечания Ограничения по возрасту - 16+
461 Уровень набора _0
1 2000
a Литературная газета
463 Уровень физической единицы _0
1 001RU/CBS_UL/BASE/450264020
1 2000
a №12
v С. 5
1 210
d 2014
600 Персоналии __
a Персоналии (Фамилия) Лермонтов
b Персоналии (Имя, инициалы) М.Ю.
606 Тематические рубрики __
y Географическая подрубрика Москва, город
610 Ключевые слова 0_
a Ключевые слова дом-музей
a Ключевые слова реставрация
686 Индексы других классификаций __
a Классификационный индекс 83.3(2Рос=Рус)1
2 Код системы ББК
700 Автор _1
a Фамилия Рябоконь
b Имя (инициалы) Елена
g Полное личное имя Е.
801 Источник записи _0
a Страна RU
b Организация МБУК ЦБС г. Ульяновска
c Дата составления 20140408
g Правила каталогизации RCR
801 Источник записи _1
a Страна RU
b Организация МБУК ЦБС г. Ульяновска
c Дата составления 20140408
g Правила каталогизации RCR
901 Тип документа __
t Тип документа f
w Контрольный № источника RU/CBS_UL/BASE/450264020
910 Корректоры записи __
a Корректор записи Асеева
938 Служебная информация __
a Имя БД period